000 00579nam a2200205Ia 4500
005 20250508162500.0
008 008 250505s9999 xx 000 0 eng d
037 _aTextBook
040 _aFEDL
_beng
_cFEDL
041 _aeng
_2eng
084 _a370.19346, SEE
_qFEDL
100 _aSeetharamu A S
245 0 _aEducation and rural development
260 _aNew Delhi, India
_bAshish Publishing House
_c1980
300 _a303p
365 _aINR
_b85
650 _aEducation - Sociology
_9757833
942 _cTB
_h370.19346, SEE
999 _c1376833
_d1376833